000 00407nam a2200133 4500
008 160910b xxu||||| |||| 00| 0 eng d
082 _22000
_aDFil 291.22
_bW58
100 _914366
_aWhite, Ellen G.
245 _aThe story of redemption/
_cEllen G. White.
260 _aPhilippines:
_bPhilippine Publishing House;
_cc2000.
300 _a445 pages;
_c18 cm.
650 0 _914367
_aSalvation
942 _2ddc
_cDFIL
999 _c4454
_d4454